000 00568nam a2200229Ia 4500
003 OSt
005 20221005051649.0
006 a|||||r|||| 00| 0
007 ta
008 221004b |||||||| |||| 00| 0 eng d
024 _a31551
037 _cTextual
040 _aCRL
_cCRL
_beng
041 _2eng
_aeng
082 _a51am3:N19, N3
245 0 _aBRITISH HUMANITIES index 1992.
260 _aLondon
_bBowker Saur
_c1993
300 _a1324
_ccm.
650 _aGENERALIA
942 _h51am3:N19, N3
_cTEXL
_2cc
999 _c959163
_d959163